| 000 | 00703nam a2200217Ia 4500 | ||
|---|---|---|---|
| 001 | 12576 | ||
| 003 | GE_BSU | ||
| 008 | 181216s||||||||xx |||||||||||||| ||und|| | ||
| 020 | _a0397550537 | ||
| 040 | _cGE_BSU | ||
| 080 | _a616.071(031)(075.8) | ||
| 245 | _aРуководство по клиническому обследованию больного | ||
| 245 | _cПод.ред. А.А.Баранов. И.Н.Денисов... | ||
| 260 | _aМосква | ||
| 260 | _bГеотар-Медиа | ||
| 260 | _c2007 | ||
| 300 | _a648стр.илл.27см. | ||
| 541 | _h102Л. | ||
| 653 | _aРуководство по клиническому обследованию больного | ||
| 942 | _cBK | ||
| 999 |
_c45749 _d45749 |
||